| 000 | 00378nam a2200145Ia 4500 | ||
|---|---|---|---|
| 008 | 150201s2001 xx 000 0 und d | ||
| 082 |
_a615.83 _bC2001H |
||
| 100 | _aHILLEGASS & SADOWSKY | ||
| 245 | _aESSENTIALS OF CARDIOPULMONARY PHYSICAL THERAPY | ||
| 250 | _a2ND | ||
| 260 |
_bSAUNDERS _aPHILADELPHIA _c2001 |
||
| 300 | _a1-868 | ||
| 650 | _aPHYSIOTHERAPY | ||
| 942 |
_2ddc _cBK |
||
| 999 |
_c4461 _d4461 |
||